| 000 | 00666nam a2200217 a 4500 | ||
|---|---|---|---|
| 008 | 951213s1978||||CS 0 slo c | ||
| 020 |
_c16,50 Kčs. _q(15000 výtl.) |
||
| 040 |
_aSNK _bslo _cSNK _eAACR2 |
||
| 044 |
_axo _cSK |
||
| 080 | _a771(024) | ||
| 100 | 1 | _aNoel, Ladislav | |
| 245 | 1 | 0 |
_aŠkola fotografie pre začiatočníkov _cLadislav Noel ; Otakar Rosa, Robert Brož |
| 250 | _a4., upr. vyd. | ||
| 260 |
_aMartin _bOsveta _c1978 _eMartin _fTlačiarne SNP |
||
| 300 |
_a144 s., 10,14 AH _c21 cm |
||
| 490 | 0 | _aEdícia fotografickej a filmovej literatúry | |
| 700 | 1 |
_aRosa, Otakar _4gup |
|
| 700 | 1 |
_aBrož, Robert _4gup |
|
| 041 | _aslo | ||
| 958 | _aA | ||
| 999 |
_c14873 _d14873 |
||